Statistics for 20 questions - Super easy to devilishly difficult

Click here to take the quiz!

General Stats

  • This quiz has been taken 88 times
  • The average score is 4 of 20

Answer Stats

HintAnswer% Correct
What is the capital of Portugal?Lisbon
94%
On the Mexican flag, an eagle is attacking what kind of snake?Rattlesnake
44%
What colour is Mr Greedy?Pink
42%
What is the tallest standalone mountain in the world?Kilimanjaro
32%
Which fruit, when you eat it, 'eats you back' with a digestive enzyme called Bromelain?Pineapple
31%
The red crest atop a chicken's head is called a what?Comb
29%
This city's airport is where most chocolate is sold every year in the world, nearly 2 tonnes a dayBrussels
27%
In which card game can one 'Shoot the moon'?Hearts
19%
How old does one have to be to qualify to be an 'elderly primagravida'?35
17%
'Zhōngguó' is a Chinese word for what?China
10%
What type of animal is also something that is useless or troublesome, expensive to maintain or difficult to dispose of?White Elephant
10%
This country was the first in the world to have a woman presidentArgentina
8%
The Simpsons character Jeff Albertson is better known by what name?Comic Book Guy
8%
In which video game does one literally shoot the moon?Portal-2
4%
What is the cheat code to get $1,000,000 in the game "Airline Tycoon"?Donald Trump
3%
Who is the patron saint of the Isle of Man?Saint Maughold
3%
Which real life person was a character that got accidentally crushed in 'The Simpsons Game'?Hillary Clinton
1%
What is the title of the president of the Basque Country?Lehendakari
1%
What is the Welsh word for 'carrot'?Moron
1%
What was the title of Elena Ceausescu's sham PhD?The Stereospecific Polymerization of Isoprene
1%

Score Distribution

Percentile by Number Answered

Percent of People with Each Score

Your Score History

You have not taken this quiz